00533nam a2200145 a 450000100100000000500170001000800410002702000180006804000250008610000420011124500910015326000440024430000360028850000630032400004650620201002052923.0150820s2015 dr c 000 0 spa d z9789945166666 aDO-SdBNPbspacBNPHU1 aMatos Flrián, Roberto Emiliod1963-10aRégil Herasme Santil, otros Herasme, otros Santil /cRoberto Emilio Matos Flrián,. aSanto Domingo :bEditora Búho,c2015. a463 p. :bil., retrs. ;c23 cm. aIncluye datos biográficos del autor en la contracubierta